000 00668nam a2200193 i 4500
001 50468
003 ES-MaACL
005 20230906162202.0
007 t|
008 030804s1965 sp ||||1| spa d
100 1 _aCyert, R.M.
_942316
245 1 3 _aEl muestreo estadístico aplicado a la censura de cuentas /
_cR. M. Cyert, H. Justin Davidson ; traducción de Jaime Gil Aluja ; prólogo Enrique Fernández Peño.
260 _aBarcelona :
_bSagitario,
_c1965.
300 _a312 p. ;
_c22 cm.
700 1 _aGil Aluja, Jaime.
_956762
700 1 _aFernández Peño, Enrique.
_949987
700 1 _aDavidson, H. Justin.
_942899
852 _aES-MaACL
_jC-27640
_bR.56886
999 _c50468
_d50468